| 000 | 00643nam a2200217Ia 4500 | ||
|---|---|---|---|
| 008 | 160319s9999 xx 000 0 und d | ||
| 245 | _aHarper's history of the war in the Philippines / | ||
| 260 | _bFelta Multimedia Center. | ||
| 260 | _cNA | ||
| 300 | _a1 computer laser optical disc : | ||
| 300 | _bsound, color. ; | ||
| 300 | _c4 3/4 in. | ||
| 650 | _aPhilippines -- | ||
| 650 | _aPhilippines -- | ||
| 650 | _aPhilippines -- | ||
| 650 | _aUnited States -- | ||
| 650 | _xForeign relations -- Philippines. | ||
| 650 | _xForeign relations -- United States. | ||
| 650 | _xHistory. | ||
| 650 | _xInsurrection -- 1899-1901. | ||
| 999 |
_c292633 _d292633 |
||